00603nam a22001937a 450000500170000000800410001702000150005804000270007304100080010004400070010808200180011510000250013324500620015826000500022030000130027050400780028365000240036165000240038520180803170450.0180608b2000 dk ||||fr|||| 00| 0 eng d a8798242865 aCO-BoIAVH cCO-BoIAVH  aeng adk10a631.521bS34g1 aSchmidt, Larseautor10aGuide to handling of tropical and subtropical forest seed aDinamarca:bDanida Forest Seed Centre,c2000. a510 p.,  aIncluye, glosario (p. 455), lista de figuras (p. 487) e índice (p. 493)14aCultivo de semillas14aSemillas forestales